| 000 | 00471nam a2200181Ia 4500 | ||
|---|---|---|---|
| 008 | 240925s9999 xx 000 0 und d | ||
| 020 | _a9788131522837 | ||
| 082 | _a621.38173 RAS | ||
| 100 | _aRashid, Muhammad H. | ||
| 245 | 0 | _aLinear Integrated Circuits | |
| 250 | _aNA | ||
| 260 |
_aAustralia: _bCENGAGE Learning _c,2011. |
||
| 300 |
_a428p. _b0 _fOriginal |
||
| 500 | _aIncludes Index | ||
| 600 | _aElectronic Engineering | ||
| 650 | _aTechnology | ||
| 942 | _cBK | ||
| 999 |
_c12538 _d12538 |
||